|
|
|
|
| LEADER |
00653nam a22001811 4500 |
| 001 |
c000199624 |
| 003 |
CARM |
| 005 |
20021125001900.0 |
| 008 |
851029s1954 fr 1 fre d |
| 019 |
1 |
|
|a 4021494
|5 LACONCORD2021
|
| 035 |
|
|
|a (OCoLC)12296931
|5 LACONCORD2021
|
| 100 |
1 |
|
|a Astier De La Vigerie, Emmanuel d'.
|
| 245 |
1 |
2 |
|a L'ete n'en finit pas :
|b roman.
|
| 260 |
|
|
|a Paris :
|b Julliard,
|c 1954.
|
| 852 |
8 |
|
|b CARM
|h A2:AM08A0
|i B06305
|p 0288112
|f BK
|
| 082 |
0 |
4 |
|a 843.9
|
| 999 |
f |
f |
|i 576b385c-f87d-5c1a-aab9-4311262b1aed
|s 85bb8ab4-04b1-5732-84cb-d0c8d7a82d5c
|
| 952 |
f |
f |
|p Can circulate
|a CAVAL
|b CAVAL
|c CAVAL
|d CARM 1 Store
|e B06305
|f A2:AM08A0
|h Other scheme
|i book
|m 0288112
|